Stepford County Railway Metro stations - Statistiques

Statistiques générales
  • Ce quiz a été pris 14 fois
    12 depuis la dernière actualisation
  • Le résultat moyen est 25 sur 28
Statistiques - réponses
Operator Station % Correct
Connect , Metro Angel Pass
100%
Connect , Express , WaterLine , Metro Benton
100%
Connect , Metro Bodin
100%
Connect , Metro City Hospital
100%
Connect , Metro Coxly
100%
Connect , Metro Financial Quarter
100%
Connect , WaterLine , Express , Airlink , Metro Morganstown
100%
Connect , WaterLine , Metro Port Benton
100%
Connect , Express , Airlink , Metro Stepford Central
100%
Connect , Airlink , Metro Stepford East
100%
Connect , Metro Stepford Victoria
100%
Connect , Express , Airlink , Metro St Helens Bridge
100%
Metro Barton
90%
Connect , Metro Beechley
90%
Connect , Airlink , Metro Berrily
90%
Metro East Berrily
90%
Metro Four Ways
90%
Metro New Harrow
90%
Connect , Metro Willowfield
90%
Metro Coxly Newtown
80%
Connect , Airlink , Metro Elsemere Junction
80%
Metro Elsemere Pond
80%
WaterLine , Metro Morganstown Docks
80%
Metro Stepford UFC
80%
Metro Beaulieu Park
70%
Metro Hemdon Park
70%
Metro High Street
70%
Metro Whitefield Lido
70%
Aucun quiz correspondant
Distribution des résultats
% des personnes avec chaque résultat
Percentile par nombre de réponses
Votre historique - résultats
Vous n’avez pas pris ce quiz depuis la dernière actualisation